La population mondiale : Répartition, dynamique et mobilité (notice n° 1566649)

détails MARC
000 -LEADER
fixed length control field 01198cam a2200133 4500500
005 - DATE AND TIME OF LATEST TRANSACTION
control field 20251214002002.0
041 ## - LANGUAGE CODE
Language code of text/sound track or separate title fre
042 ## - AUTHENTICATION CODE
Authentication code dc
100 10 - MAIN ENTRY--PERSONAL NAME
Personal name David, Olivier
Relator term author
245 00 - TITLE STATEMENT
Title La population mondiale : Répartition, dynamique et mobilité
260 ## - PUBLICATION, DISTRIBUTION, ETC.
Name of publisher, distributor, etc. Armand Colin,<br/>
Date of publication, distribution, etc. 2020.<br/>
520 ## - SUMMARY, ETC.
Summary, etc. Avec plus de 7,7 milliards d’individus aujourd'hui, et des projections annonçant 9,7 milliards en 2050, la population mondiale devrait dépasser le seuil des 11 milliards en 2100 d'après l'ONU. La remarquable intensité de cette croissance est néanmoins très disparate d’une région à l’autre du monde ; et si elle est très soutenue dans certains pays, d’autres doivent faire face à un immobilisme et à un vieillissement sans précédent. Cet ouvrage propose une introduction simple aux notions et concepts utilisés en géographie de la population. Assorti de nombreuses illustrations et de repères faciles à mémoriser, il permet d’aborder et comprendre la grande variété des dynamiques démographiques, et les enjeux pour les populations à venir.
856 41 - ELECTRONIC LOCATION AND ACCESS
Uniform Resource Identifier <a href="https://shs.cairn.info/la-population-mondiale--9782200628055?lang=fr&redirect-ssocas=7080">https://shs.cairn.info/la-population-mondiale--9782200628055?lang=fr&redirect-ssocas=7080</a>

Pas d'exemplaire disponible.

PLUDOC

PLUDOC est la plateforme unique et centralisée de gestion des bibliothèques physiques et numériques de Guinée administré par le CEDUST. Elle est la plus grande base de données de ressources documentaires pour les Étudiants, Enseignants chercheurs et Chercheurs de Guinée.

Adresse

627 919 101/664 919 101

25 boulevard du commerce
Kaloum, Conakry, Guinée

Réseaux sociaux

Powered by Netsen Group @ 2025